Základy účetnictví

Štruktúra výsledku hospodárenia podľa IFRS. Účelové členenie nákladov - členenie nákladov podľa funkcie. Výrobné náklady. Hrubá výrobná marža. Náklady na riadenie podniku - správna réžia. Odbytová réžia. Pokračovanie v nasledujúcom čísle.

Uložené v:
Podrobná bibliografia
Hlavný autor: Dvořáková, Dana
Médium: Kapitola
Jazyk:Czech
Predmet:
Tagy: Pridať tag
Žiadne tagy, Buďte prvý, kto otaguje tento záznam!

MARC

LEADER 00000naa$a2200000$$$4500
001 0091920
005 20230925091248.3
041 0 |a cze 
044 |a CZ 
245 1 0 |a Základy účetnictví  |c Dana Dvořáková 
520 |a Štruktúra výsledku hospodárenia podľa IFRS. Účelové členenie nákladov - členenie nákladov podľa funkcie. Výrobné náklady. Hrubá výrobná marža. Náklady na riadenie podniku - správna réžia. Odbytová réžia. Pokračovanie v nasledujúcom čísle. 
610 2 0 |a účtovníctvo 
610 2 0 |a výsledok hospodársky 
610 2 0 |a náklady výrobné 
610 2 0 |a náklady odbytové 
610 2 0 |a výrobky 
610 2 0 |a réžia správna 
610 2 0 |a réžia odbytová 
100 1 |a Dvořáková, Dana